000 00342nam a22001337a 4500
999 _c7695
_d7695
008 190306b ||||| |||| 00| 0 eng d
020 _a978144085316
082 _a613 Q73s 2018
100 _aQuinn, Paul
245 _aSexually Transmitted Diseases
260 _aCalifornia ;
_bGreenwood,
_c2018.
300 _aix, 154 p.
_c24 cm.
942 _2ddc